000 00629nam a22002297a 4500
001 BD-DhSAU 851
003 BD-DhSAU
005 20150107014128.0
008 150107b1976 -uka|||| |||| 001 0 eng d
020 _a0521210038 (h. back)
020 _a0521290201 (p. back)
040 _aBD-DhSAU
082 _222
_a304.6
_bCOD
100 _aCox, Peter R.
245 _aDemography /
_cPeter R. Cox
250 _a5th edition.
260 _aLondon :
_bCambridge University Press ;
_cc1976.
300 _aix, 393 p. :
_bill. ;
_c24 cm.
504 _aIncludes bibliographical references & index.
590 _aJerin
650 _aEconomics
942 _2ddc
_cBOOK
999 _c851
_d851